| 000 | 00550pab a2200181 454500 | ||
|---|---|---|---|
| 008 | 180718b2005 xxu||||| |||| 00| 0 eng d | ||
| 100 | _aHoward, Philip N. | ||
| 245 | _aDeep democracy, thin citizenship: the impact of digital media in political campaign strategy | ||
| 260 | _c2005 | ||
| 300 | _ap.153-70. | ||
| 362 | _aJan | ||
| 650 | _aInternet | ||
| 650 | _aCommunication control | ||
| 650 | _aPolitical communication | ||
| 650 | _aElectronic media | ||
| 773 | _aAnnals of American Academy of Political and Social Science | ||
| 909 | _a63831 | ||
| 999 |
_c63831 _d63831 |
||